KOHA-Header-6

Dynamic HTML the HTML Developer's Guide (Record no. 7459)

000 -LEADER
fixed length control field 00266nam a2200109Ia 4500
100 ## - MAIN ENTRY--AUTHOR NAME
Personal name Jeff Rule
245 #0 - TITLE STATEMENT
Title Dynamic HTML the HTML Developer's Guide
260 ## - PUBLICATION, DISTRIBUTION, ETC. (IMPRINT)
Place of publication USA
Name of publisher McGraw Hill
Year of publication 2000
300 ## - PHYSICAL DESCRIPTION
Number of Pages 265
942 ## - ADDED ENTRY ELEMENTS (KOHA)
Koha item type Books
Holdings
Withdrawn status Lost status Collection code Permanent Location Current Location Shelving location Date acquired Full call number Accession Number Koha item type
    Computer Languages MAJU MAJU Shelf No.A18 2019-09-12 005.133 1330 Computer Languages

Powered by Koha